With the Cambridgeshires at Singapore /

Bibliographic Details
Main Author: Taylor, William, 1906 (April 26)-
Format: Book
Language:English
Published: March, Cambs : Trevor Allen Bevis, 1971.
Subjects:

MARC

Tag First Indicator Second Indicator Subfields
LEADER 00000cam a2200000 a 4500
001 in00001237112
005 20151003061136.0
008 711020s1971 enkab 001 0 eng
010 |a  70852359  
015 |a B71-09952 
020 |a 090168001X 
035 |a (OCoLC)00198740 
035 |9 AGS3625AM 
040 |a DLC  |c DLC  |d UtOrBLW 
043 |a e-uk--- 
049 |a TXAS [mil] 
050 0 0 |a D760.C35  |b T39 
082 0 |a 940.547/2/52 
090 |a D760.C35  |b T39 1971 
100 1 |a Taylor, William,  |d 1906 (April 26)- 
245 1 0 |a With the Cambridgeshires at Singapore /  |c William Taylor. 
264 1 |a March, Cambs :  |b Trevor Allen Bevis,  |c 1971. 
300 |a xiv, 115 pages :  |b illustrations, map ;  |c 26 cm. 
336 |a text  |b txt  |2 rdacontent 
337 |a unmediated  |b n  |2 rdamedia 
338 |a volume  |b nc  |2 rdacarrier 
500 |a Includes indexes. 
610 1 0 |a Great Britain.  |b Army.  |b Cambridgeshire Regiment. 
650 0 |a World War, 1939-1945  |x Regimental histories  |z Great Britain. 
999 |a MARS 
999 f f |s 748cdd8f-7162-3e2c-a975-d197021bba01  |i cf1d5213-d080-3ca3-8fbf-9d6aca61ef76  |t 0 
952 f f |p noncirc  |a Texas A&M University  |b College Station  |c Cushing Memorial Library & Archives  |d Cushing: Ragan Military (Does not check out)  |t 0  |e D760.C35 T39 1971  |h Library of Congress classification  |i unmediated -- volume  |m A14852155671 
998 f f |a D760.C35 T39 1971  |t 0  |l Cushing: Ragan Military (Does not check out)